Descriptive catalogue of some manuscripts bearing on zoroastrianism and pertaining to the different collections comp by Bomanji Nusserwanji Dhabhar (Record no. 191587)
[ view plain ]
| 000 -LEADER | |
|---|---|
| fixed length control field | 00730nam a2200241Ia 4500 |
| 003 - CONTROL NUMBER IDENTIFIER | |
| control field | OSt |
| 005 - DATE AND TIME OF LATEST TRANSACTION | |
| control field | 20220918191831.0 |
| 008 - FIXED-LENGTH DATA ELEMENTS--GENERAL INFORMATION | |
| fixed length control field | 220917b |||||||| |||| 00| 0 eng d |
| 037 ## - SOURCE OF ACQUISITION | |
| Terms of availability | Textual |
| 040 ## - CATALOGING SOURCE | |
| Original cataloging agency | ARTS |
| Transcribing agency | ARTS |
| Language of cataloging | eng |
| 041 ## - LANGUAGE CODE | |
| Source of code | eng |
| Language code of text/sound track or separate title | eng |
| 110 ## - MAIN ENTRY--CORPORATE NAME | |
| Corporate name or jurisdiction name as entry element | Mulla Feroze Library (Bombay) |
| 9 (RLIN) | 77313 |
| 245 #0 - TITLE STATEMENT | |
| Title | Descriptive catalogue of some manuscripts bearing on zoroastrianism and pertaining to the different collections comp by Bomanji Nusserwanji Dhabhar |
| 260 ## - PUBLICATION, DISTRIBUTION, ETC. | |
| Date of publication, distribution, etc. | 1923 |
| 650 ## - SUBJECT ADDED ENTRY--TOPICAL TERM | |
| Topical term or geographic name entry element | RELIGION |
| 700 ## - ADDED ENTRY--PERSONAL NAME | |
| Personal name | Mulla Feroze Library (Bombay) |
| 9 (RLIN) | 77314 |
| 942 ## - ADDED ENTRY ELEMENTS (KOHA) | |
| Classification part | Q8451a, F3 |
| Koha item type | Textual |
| Source of classification or shelving scheme | Colon Classification (CC) |
| Withdrawn status | Lost status | Damaged status | Not for loan | Home library | Current library | Date acquired | Total Checkouts | Full call number | Barcode | Date last seen | Price effective from | Koha item type |
|---|---|---|---|---|---|---|---|---|---|---|---|---|
| Arts Library | Arts Library | 2022-09-18 | Q8451a F3 | AL0171689 | 2022-09-18 | 2022-09-18 | Textual |
